00949 a2200193 45000010006000000050017000060080041000230030015000640400040000790800140001192450054002590200018003132640045003313000019003765050217003950410008006121000036006208560099006565295720260407155803.0260407a1999 arg spa dAR-UNSa-BCEJYS aAR-UNSa-BCEJYSbspacAR-UNSa-BCEJYS a504.03xAspectos sociales y socioeconómicos del impacto del hombre sobre el medio ambiente. Ecología social ( Economía ambiental)10aEconomía del medio ambiente en América Latina a970-15-0144-9 1aMéxico :bAlfaomega Grupo Editorc1999 a366 p.c23 cm. a1. Introducción - 2. Política ambiental y estrategia de desarrollo en economías abiertas - 3. Evaluación del impacto ambiental - 4. Regulaciones del medio ambiente - 5. Economía y desarrollo sustentable aspa1 aVaras Castellón, Juan Ignacio41uhttps://www.biblioeco.unsa.edu.ar/pmb/images/libros/L128363.jpgyImagen de portadaqimage/jpeg